Effect of different compost rates on chinese radish royal university of agriculture, ឥទ្ធិពលកំរិតខុសគ្នា នៃជីកំប៉ុស្ដិ៍ស្ទឹងមានជ័យលើដំណាំឆៃថាវ នៅសាកលវិទ្យាល័យភូមិន្ទកសិកម្ម (Record no. 2883)

000 -LEADER
fixed length control field 00695nam a22001337a 4500
040 ## - CATALOGING SOURCE
Transcribing agency RUA
082 ## - DEWEY DECIMAL CLASSIFICATION NUMBER
Classification number AGR UN 2009 B039 Or.1
100 ## - MAIN ENTRY--AUTHOR NAME
Personal name UN, SOPHEAK.
245 ## - TITLE STATEMENT
Title Effect of different compost rates on chinese radish royal university of agriculture, ឥទ្ធិពលកំរិតខុសគ្នា នៃជីកំប៉ុស្ដិ៍ស្ទឹងមានជ័យលើដំណាំឆៃថាវ នៅសាកលវិទ្យាល័យភូមិន្ទកសិកម្ម
260 ## - PUBLICATION, DISTRIBUTION, ETC. (IMPRINT)
Place of publication Phnom Penh
Name of publisher RUA
Year of publication 2009
300 ## - PHYSICAL DESCRIPTION
Number of Pages ix; 45p.
Other physical details ill.
Dimensions 29cm.
856 ## - ELECTRONIC LOCATION AND ACCESS
Uniform Resource Identifier https://drive.google.com/file/d/1V_TFRGjWwzDu9ybFB_TqMGMJ4kcSiXnL/view?usp=sharing
942 ## - ADDED ENTRY ELEMENTS (KOHA)
Koha item type AGR
952 ## - LOCATION AND ITEM INFORMATION (KOHA)
Withdrawn status [LOCAL, KOHA] 0
Holdings
Permanent Location Date acquired Koha item type Lost status Shelving location Barcode Current Location Full call number
Library Block B2015-10-31AGR B039RUA015708Library Block DAGR UN 2009 B039 Or.1
មជ្ឈមណ្ឌលឯការនៃសាកលវិទ្យាល័យភូមិន្ទកសិកម្មចំការដូង

Powered by Koha